000 00579nam a2200277Ia 4500
005 20260401122454.0
008 008 250103s9999 xx 000 0 eng d
020 _a9781472422422
037 _aTB
040 _aEDL
040 _beng
040 _cEDL
041 _2eng
041 _aeng
084 _a820.9BOY
084 _qEDL
245 0 _aDecadent Roamticism : 1780-1914
260 _aSurrey, UK
260 _bAshgate
260 _c2015
300 _a208p
942 _cTB
942 _h820.9BOY
999 _c1847508
_d1847508